| 000 | 00364nam a22001457a 4500 | ||
|---|---|---|---|
| 008 | 210304b ||||| |||| 00| 0 eng d | ||
| 020 | _a9780721669809 | ||
| 041 | _aeng | ||
| 080 |
_23rd _a610.73 |
||
| 082 | _a610.73 | ||
| 100 | _a1 | ||
| 101 | _aINF | ||
| 245 |
_aMedical-Surgical Nursing Across the Health Care Continuum _cIgnatavicius, D.D |
||
| 942 |
_2udc _cBK |
||
| 999 |
_c55772 _d55772 |
||